Demarcación política del Perú : (Record no. 7442)

000 -CABECERA
fixed length control field 00740nam a22001937a 4500
003 - IDENTIFICADOR DEL NÚMERO DE CONTROL
control field AR-CdUCM
008 - DATOS DE LONGITUD FIJA--INFORMACIÓN GENERAL
fixed length control field 190320b ||||| |||| 00| 0 spa d
040 ## - FUENTE DE LA CATALOGACIÓN
Agencia/entidad que catalogó originalmente la obra MUNICIPALIDAD PROVINCIAL DEL CUSCO
Entidad que transcribió la catalogación BIBLIOTECA MUNICIPAL DEL CUSCO
082 ## - NÚMERO DE LA CLASIFICACIÓN DECIMAL DEWEY
No. de la edición 2ed
No. de Clasificación 918.5 /
Notacion interna T22
100 ## - ENTRADA PRINCIPAL--NOMBRE DE PERSONA
Nombre Personal Tarazona S, Justino
245 ## - MENCIÓN DE TÍTULO
Título Demarcación política del Perú :
Resto del título recopilación de leyes y decretos (1821-1967) /
260 ## - PUBLICACIÓN, DISTRIBUCIÓN, ETC.
Lugar de publicación, distribución, etc. Lima :
Nombre de la editorial, distribuidor, etc. Imprenta de hacienda y comercio,
Fecha de publicación, distribución, etc. 1968.
300 ## - DESCRIPCIÓN FÍSICA
Nº de Páginas Extensión 906 páginas ;
Dimensiones 25 cm.
505 ## - NOTA DE CONTENIDO CON FORMATO
Nota de contenido formateada El libertador Ramon Castilla -- Mariano Ignacio Prado -- Ramiro Priale -- Presidente de la República...
650 ## - PUNTO DE ACCESO ADICIONAL DE MATERIA--TÉRMINO DE MATERIA
Descriptor Historia del Peru.
9 (RLIN) 259
650 ## - PUNTO DE ACCESO ADICIONAL DE MATERIA--TÉRMINO DE MATERIA
Descriptor Política peruana.
9 (RLIN) 1676
942 ## - ELEMENTOS DE PUNTO DE ACCESO ADICIONAL (KOHA)
Fuente de clasificación
Tipo de item Libros-BMC
945 ## - PROCESAMIENTO DE INFORMACIÓN LOCAL (OCLC)
Catalogador wfj
Holdings
Estado de retiro (separado) Fuente de clasificación o esquema de estanterías Estado dañado Ubicación Sala donde se ubica Nombre de la colección Fecha de adquisición o compra Costo, precio normal en soles Signatura topográfica Código de Barras Última vez visto (Koha) Tipo de ítem (Koha)
No     Sala Humanidades Sala Humanidades Book Cart 2019-03-20 80.00 918.5 / T22 / v.2 SH0000008361 2019-03-20 Libros-BMC
No     Sala Humanidades Sala Humanidades Book Cart 2019-05-13 80.00 918.5 / T22 / v.1 SH0000013356 2019-05-13 Libros-BMC
No     Sala Humanidades Sala Humanidades Book Cart 2019-05-31 80.00 918.5 / T22D / v.1 / e.2 SH0000014913 2019-05-31 Libros-BMC

Powered by Koha